The History of Mission Work Among the White Karens (Record no. 10816)

MARC details
000 -LEADER
fixed length control field 00602nam a2200229 a 4500
001 - CONTROL NUMBER
control field 0001-0816
003 - CONTROL NUMBER IDENTIFIER
control field ELIB.Books
008 - FIXED-LENGTH DATA ELEMENTS--GENERAL INFORMATION
fixed length control field 140826 2010 eng
020 ## - INTERNATIONAL STANDARD BOOK NUMBER
International Standard Book Number KBTS
035 ## - SYSTEM CONTROL NUMBER
System control number (ELIB.Books)0001-0970
092 ## - LOCALLY ASSIGNED DEWEY CALL NUMBER (OCLC)
Classification number Thesis
Item number Jer
100 ## - MAIN ENTRY--PERSONAL NAME
Personal name Jerry Tun, Naw
245 ## - TITLE STATEMENT
Title The History of Mission Work Among the White Karens
260 ## - PUBLICATION, DISTRIBUTION, ETC. (IMPRINT)
Place of publication, distribution, etc. KBTS; Insein
Name of publisher, distributor, etc. Karen Baptist Theological Seminary
Date of publication, distribution, etc. 2010
300 ## - PHYSICAL DESCRIPTION
Dimensions 29.7 Cm
650 ## - SUBJECT ADDED ENTRY--TOPICAL TERM
Topical term or geographic name as entry element Thesis
856 ## - ELECTRONIC LOCATION AND ACCESS
Name of location of host KBTS; Library
Uniform Resource Identifier <a href="KBTS; Elib.">KBTS; Elib.</a>
942 ## - ADDED ENTRY ELEMENTS (KOHA)
Source of classification or shelving scheme Dewey Decimal Classification
Koha item type Books
990 ## - EQUIVALENCES OR CROSS-REFERENCES [LOCAL, CANADA]
Link information for 9XX fields 1
998 ## - LOCAL CONTROL INFORMATION (RLIN)
Cataloger's initials, CIN (RLIN) bat
-- 2014-08-26
Holdings
Withdrawn status Lost status Source of classification or shelving scheme Damaged status Not for loan Home library Current library Date acquired Total Checkouts Barcode Date last seen Bill Date Koha item type
    Dewey Decimal Classification     Karen Baptist Theological Seminary Library Karen Baptist Theological Seminary Library 26/08/2014   15-2010 B.Th 22/01/2022 22/01/2022 Books
Implemented & Customized by: BestBookBuddies

Powered by Koha